logo

Bir Sreshtho Munshi Abdur Rouf Library
Jhenaidah Cadet College

শরৎ আকাশে প্রলয়মেঘ / (Record no. 2857)

MARC details
000 -LEADER
fixed length control field 00683nam a2200205 a 4500
001 - CONTROL NUMBER
JCCL Control Number 2857
003 - CONTROL NUMBER IDENTIFIER
JCCL marc code BD-JhCC
005 - DATE AND TIME OF LATEST TRANSACTION
control field 20171107171914.0
008 - FIXED-LENGTH DATA ELEMENTS--GENERAL INFORMATION
fixed length control field 171107b2014 bg ||||| |||| 00| 0 ben d
035 ## - SYSTEM CONTROL NUMBER
system control number (BD-JhCC)
040 ## - CATALOGING SOURCE
Original cataloging agency BD-JhCC
Modifying agency BD-JhCC
041 ## - LANGUAGE CODE
Language code of Book ben
082 ## - DEWEY DECIMAL CLASSIFICATION NUMBER
Classification number 891.443
Author mark and Year RAH 2014
100 ## - MAIN ENTRY--PERSONAL NAME
Personal name রহমান, সফিয়ার
245 ## - TITLE STATEMENT
Title শরৎ আকাশে প্রলয়মেঘ /
Statement of responsibility, etc সফিয়ার রহমান
260 ## - PUBLICATION, DISTRIBUTION, ETC. (IMPRINT)
Place of publication, distribution, etc ঢাকা:
Name of publisher, distributor, etc সিসটেক পাবলিকেশন্স লিমিটেড ;
Date of publication, distribution, etc ২০১৪
300 ## - PHYSICAL DESCRIPTION
Pagination ১২৮ পৃ.;
Dimensions ২২ সেমি
650 ## - SUBJECT ADDED ENTRY--TOPICAL TERM
Topical term or geographic name as entry element Bengali novel
942 ## - ADDED ENTRY ELEMENTS (KOHA)
Source of classification or shelving scheme Dewey Decimal Classification
Koha item type Books
Holdings
Source of classification or shelving scheme Damaged status Not for loan Home library Current library Date of accession Total Checkouts Full call number Barcode Date last seen Copy number Koha item type
Dewey Decimal Classification     JCC Rouf Library JCC Rouf Library 11/07/2017   891.443 RAH 2014 4616 11/07/2017 C-1 Books

JCC Library | Contacts | JCC Home

Last Update on 23 September 2017
Copyright @ 2017-2020 JCC Rouf Library
Rouf Library, Jhenidah Cadet College (JCC), Bangladesh